[Event "Ehrenburg - Groeden"]
[Site "?"]
[Date "2017.01.14"]
[Round "5.3"]
[White "Bernardi, Ruben"]
[Black "Falkensteiner, Benjamin"]
[Result "1-0"]
[WhiteElo "2135"]
[BlackElo "1505"]
[PlyCount "42"]
[EventDate "2017.01.28"]

1. e4 c6 2. d4 d5 3. exd5 cxd5 4. c4 Nf6 5. Nc3 Bf5 6. Qb3 Nc6 7. cxd5 Na5 8.
Qa4+ Bd7 9. Bb5 b6 10. Nf3 Bxb5 11. Nxb5 Nd7 12. Bf4 Rc8 13. O-O a6 14. Nd6+
exd6 15. Rfe1+ Be7 16. Bxd6 b5 17. Qb4 Rc4 18. Bxe7 Rxb4 19. Bxb4+ Ne5 20. Nxe5
Qxd5 21. Nc4+ Kd8 1-0

[Event "Ehrenburg - Groeden"]
[Site "?"]
[Date "2017.01.14"]
[Round "5.4"]
[White "Mairhofer, Rene"]
[Black "Moroder, Thomas"]
[Result "1/2-1/2"]
[WhiteElo "1663"]
[BlackElo "1982"]
[PlyCount "61"]
[EventDate "2017.01.28"]

1. e4 c5 2. Nf3 d6 3. d4 cxd4 4. Nxd4 Nf6 5. Nc3 a6 6. Bg5 e6 7. f4 h6 8. Bh4
Qb6 9. Bxf6 gxf6 10. Qd2 Qxb2 11. Nb3 Nc6 12. a3 Na5 13. Ra2 Nxb3 14. Rxb2 Nxd2
15. Kxd2 d5 16. a4 dxe4 17. Nxe4 Be7 18. Be2 Bd7 19. a5 Bc6 20. Bf3 f5 21. Ng3
O-O-O+ 22. Ke2 Bb5+ 23. Ke1 Rd4 24. Ne2 Ra4 25. Kf2 Bc5+ 26. Kg3 Rg8+ 27. Kh4
Bxe2 28. Bxe2 Rxf4+ 29. Kh3 e5 30. Rhb1 b5 31. axb6 1/2-1/2

[Event "Ehrenburg - Groeden"]
[Site "?"]
[Date "2017.01.14"]
[Round "5.5"]
[White "Grossi, Christian"]
[Black "Flatscher, Tobias"]
[Result "1-0"]
[WhiteElo "1761"]
[BlackElo "1750"]
[PlyCount "69"]
[EventDate "2017.01.28"]

1. d4 d5 2. c4 Nf6 3. Nf3 c6 4. e3 Bg4 5. Be2 e6 6. O-O Nbd7 7. Nc3 Be7 8. h3
Bh5 9. cxd5 exd5 10. Ne5 Bxe2 11. Nxe2 Qc7 12. f4 Ne4 13. Nc3 Ndf6 14. Bd2 O-O
15. Rc1 Nxc3 16. bxc3 Ne4 17. c4 f6 18. Nd3 Qd7 19. Be1 dxc4 20. Rxc4 b5 21.
Rc1 Rfc8 22. Qf3 Qd5 23. Bb4 Bxb4 24. Nxb4 Qe6 25. f5 Qe8 26. Rc2 a5 27. Nd3
Ng5 28. Qf4 Ne4 29. Rfc1 Ra6 30. Nc5 Nxc5 31. Rxc5 Qd7 32. d5 b4 33. dxc6 Qf7
34. Rd1 Qe7 35. Qc4+ 1-0

[Event "Ehrenburg - Groeden"]
[Site "?"]
[Date "2017.01.14"]
[Round "5.6"]
[White "Mitterhofer, Martin"]
[Black "Kasslatter, Matthias"]
[Result "1-0"]
[WhiteElo "1572"]
[BlackElo "1400"]
[PlyCount "79"]
[EventDate "2017.01.28"]

1. e4 e5 2. Nf3 Nc6 3. Bc4 Bc5 4. c3 Nf6 5. d3 O-O 6. O-O d6 7. b4 Bb6 8. a4 a6
9. Be3 Bxe3 10. fxe3 Re8 11. Ng5 Be6 12. Nxe6 fxe6 13. Nd2 d5 14. exd5 exd5 15.
Bb3 Kh8 16. b5 Na5 17. e4 dxe4 18. Nxe4 Nxe4 19. dxe4 Qxd1 20. Bxd1 Nc4 21.
bxa6 Rxa6 22. Be2 Rc6 23. Bg4 Rd8 24. Rad1 Rxd1 25. Bxd1 g6 26. Bb3 Nd6 27. Rf3
Nc4 28. Rd3 Nd6 29. Re3 b5 30. Bd5 Rc5 31. axb5 Nxb5 32. c4 Nd6 33. Rf3 Nxc4
34. Rc3 c6 35. Rxc4 Rxc4 36. Bxc4 Kg7 37. Kf2 Kf6 38. g4 Ke7 39. g5 Kd6 40. Bg8
1-0

[Event "Kaltern/Tramin - Deutschnofen"]
[Site "?"]
[Date "2017.01.14"]
[Round "5.1"]
[White "Manca, Federico"]
[Black "Paltrinieri, Nicholas"]
[Result "1-0"]
[WhiteElo "2387"]
[BlackElo "2232"]
[PlyCount "65"]
[EventDate "2017.01.28"]

1. e4 e6 2. d4 d5 3. Nc3 Bb4 4. e5 b6 5. Qg4 Bf8 6. Bb5+ c6 7. Ba4 a5 8. a3 Ba6
9. Nce2 Qd7 10. Nf4 Nh6 11. Qd1 b5 12. Bb3 g6 13. Nf3 Nf5 14. Nd3 Qc7 15. c3
Nd7 16. O-O c5 17. dxc5 Nxc5 18. Nxc5 Bxc5 19. Bg5 Be7 20. Qd2 Bxg5 21. Qxg5
Qe7 22. Qf4 O-O 23. Rfe1 Rfc8 24. Bc2 Ng7 25. Qh6 f5 26. exf6 Qxf6 27. Ng5 e5
28. Nxh7 Qe7 29. Ng5 Qf6 30. Bxg6 Rc6 31. Qh7+ Kf8 32. Qh8+ Ke7 33. Qxa8 1-0

[Event "Kaltern/Tramin - Deutschnofen"]
[Site "?"]
[Date "2017.01.14"]
[Round "5.2"]
[White "Panjkovic, Aleksandar"]
[Black "Dappiano, Andrea"]
[Result "0-1"]
[WhiteElo "2087"]
[BlackElo "2237"]
[PlyCount "86"]
[EventDate "2017.01.28"]

1. d4 e6 2. Nf3 c5 3. e3 d5 4. b3 Nf6 5. Bd3 Nc6 6. O-O b6 7. Bb2 Bd6 8. Nbd2
O-O 9. Ne5 Nb4 10. Be2 Bb7 11. a3 Nc6 12. Bd3 Ne7 13. c4 Rc8 14. Rc1 cxd4 15.
exd4 dxc4 16. Bxc4 Ned5 17. Re1 Rc7 18. Bf1 Qa8 19. Ndc4 Be7 20. Ne3 Nxe3 21.
Rxe3 Rfc8 22. Rxc7 Rxc7 23. Rg3 Be4 24. Bd3 Bxd3 25. Nxd3 Qc6 26. Re3 Nd5 27.
Re1 Bg5 28. Bc1 Bf6 29. Bb2 h6 30. Qd2 Qc2 31. Qxc2 Rxc2 32. Ba1 Rd2 33. Ne5
Nf4 34. Ng4 Bxd4 35. Bxd4 Ne2+ 36. Kf1 Nxd4 37. Rb1 Rd3 38. Ne5 Nxb3 39. Nxd3
Nd2+ 40. Ke1 Nxb1 41. a4 Kf8 42. Nb4 Nc3 43. Nc6 a5 0-1

[Event "Kaltern/Tramin - Deutschnofen"]
[Site "?"]
[Date "2017.01.14"]
[Round "5.3"]
[White "Micheli, Carlo"]
[Black "Waldner, Mirko"]
[Result "1/2-1/2"]
[WhiteElo "2240"]
[BlackElo "1912"]
[PlyCount "86"]
[EventDate "2017.01.28"]

1. e4 d6 2. d4 Nf6 3. Nc3 g6 4. Be2 Bg7 5. Be3 Nc6 6. f4 O-O 7. d5 Nb8 8. Nf3
c6 9. dxc6 Nxc6 10. Qd2 Ng4 11. Bg1 Qa5 12. h3 Nf6 13. g4 b5 14. Bd3 b4 15. Ne2
Bb7 16. Be3 Nd8 17. Ng3 Ne6 18. O-O Nc5 19. Bd4 e5 20. fxe5 dxe5 21. Bxe5 Nfxe4
22. Nxe4 Bxe5 23. Nxe5 Nxe4 24. Qf4 Nc5 25. Bc4 Ne6 26. Qe3 Bd5 27. a3 Bxc4 28.
Nxc4 Qc7 29. b3 Rfe8 30. Qe5 Qxe5 31. Nxe5 Ng5 32. Nd7 Re2 33. h4 Nh3+ 34. Kh1
Rc8 35. Rf3 Nf2+ 36. Kg1 Rcxc2 37. Nf6+ Kg7 38. axb4 Rcd2 39. g5 Nd1 40. h5
Rg2+ 41. Kf1 Rh2 42. h6+ Kh8 43. Ke1 Rhe2+ 1/2-1/2

[Event "Kaltern/Tramin - Deutschnofen"]
[Site "?"]
[Date "2017.01.14"]
[Round "5.4"]
[White "Bertagnolli, Gerhard"]
[Black "Tonina, Filippo"]
[Result "1/2-1/2"]
[WhiteElo "1867"]
[BlackElo "1980"]
[PlyCount "110"]
[EventDate "2017.01.28"]

1. d4 d6 2. e4 Nf6 3. Nc3 g6 4. g3 Bg7 5. Bg2 O-O 6. Nge2 Nc6 7. h3 Nd7 8. Be3
e5 9. Qd2 Nb6 10. b3 f5 11. dxe5 dxe5 12. O-O-O Qe7 13. Kb1 Be6 14. Qc1 a5 15.
Nd5 Qf7 16. Bc5 Rfe8 17. Nec3 Nd4 18. Bxb6 cxb6 19. Nxb6 Ra6 20. Ncd5 Bxd5 21.
Nxd5 Rc8 22. c3 Rac6 23. Qa3 Bf8 24. Qb2 Nb5 25. c4 Nd4 26. Rxd4 exd4 27. Qxd4
Bc5 28. Qd2 Re8 29. e5 Rxe5 30. f4 Re8 31. Nc3 Rd6 32. Bd5 Kf8 33. Bxf7 Rxd2
34. Bxe8 Kxe8 35. Re1+ Kf7 36. Rd1 Rg2 37. Rd7+ Ke6 38. Rxh7 Rxg3 39. Nd5 Rg1+
40. Kc2 Rg2+ 41. Kd3 Rxa2 42. Rxb7 Rh2 43. Rh7 Rg2 44. Nc7+ Kf6 45. Nd5+ Ke6
46. Nc7+ Kd6 47. Nb5+ Kc6 48. Nd4+ Kb6 49. Ne6 Rg3+ 50. Kc2 Bb4 51. Rh6 Rg2+
52. Kd3 Rg3+ 53. Kc2 Rc3+ 54. Kb2 Rg3 55. Kc2 Rc3+ 1/2-1/2

[Event "Kaltern/Tramin - Deutschnofen"]
[Site "?"]
[Date "2017.01.14"]
[Round "5.5"]
[White "Thurner, Markus"]
[Black "Dallaglio, Giovanni"]
[Result "0-1"]
[WhiteElo "1909"]
[BlackElo "1826"]
[PlyCount "108"]
[EventDate "2017.01.28"]

1. e4 d5 2. exd5 Qxd5 3. Nc3 Qd6 4. Nf3 Nf6 5. d4 c6 6. Be2 Bg4 7. O-O Nbd7 8.
Re1 e6 9. Ne5 Nxe5 10. dxe5 Qxd1 11. Bxd1 Bxd1 12. Rxd1 Nd5 13. Ne4 h6 14. c4
Nb6 15. b3 Be7 16. Bb2 O-O 17. Rd3 Rfd8 18. Rad1 Rxd3 19. Rxd3 Kf8 20. Kf1 Ke8
21. Ke2 Rd8 22. Bd4 Nd7 23. c5 f5 24. Nd6+ Bxd6 25. cxd6 c5 26. Bb2 Nb6 27. Ba3
c4 28. Rc3 Rc8 29. bxc4 Nxc4 30. f4 Nxd6 31. Rb3 Ne4 32. Rxb7 Rc2+ 33. Kf1 Rxa2
34. Rxa7 Rf2+ 35. Kg1 Ra2 36. h3 Ra1+ 37. Kh2 g5 38. Re7+ Kd8 39. Ra7 Ke8 40.
Re7+ Kf8 41. Bb4 Kg8 42. fxg5 hxg5 43. Rxe6 f4 44. h4 Nf2 45. g3 f3 46. Re8+
Kg7 47. Re7+ Kg6 48. g4 gxh4 49. Re6+ Kg5 50. Be7+ Kxg4 51. Rg6+ Kf5 52. Rg1
Ng4+ 53. Kh1 Ra2 54. Rf1 Rh2+ 0-1

[Event "Kaltern/Tramin - Deutschnofen"]
[Site "?"]
[Date "2017.01.14"]
[Round "5.6"]
[White "Comai, Samuele"]
[Black "Gibitz, Othmar"]
[Result "1/2-1/2"]
[WhiteElo "1822"]
[BlackElo "1710"]
[PlyCount "105"]
[EventDate "2017.01.28"]

1. d4 d5 2. c4 e6 3. Nc3 Nf6 4. cxd5 exd5 5. Bg5 Be7 6. e3 O-O 7. Bd3 c6 8. Qc2
h6 9. Bh4 Na6 10. a3 Qa5 11. Rd1 b5 12. Nge2 b4 13. axb4 Nxb4 14. Qa4 Nxd3+ 15.
Rxd3 Qxa4 16. Nxa4 Rb8 17. Rd1 Bb4+ 18. Nec3 Ba6 19. Bxf6 gxf6 20. Kd2 Bb5 21.
Ra1 Rb7 22. Nc5 Bxc5 23. dxc5 Bc4 24. Rhb1 Rfb8 25. Kc2 Bb3+ 26. Kd2 Bc4 27.
Na4 Rb3 28. Rc1 Rd3+ 29. Ke2 Rc3+ 30. Kd2 Rd3+ 31. Kc2 Rdb3 32. Kb1 Bd3+ 33.
Ka2 R3b4 34. Ka3 Rb3+ 35. Ka2 R3b4 36. Ka3 Bc4 37. Rc3 Rb3+ 38. Rxb3 Rxb3+ 39.
Ka2 Rxe3+ 40. b3 Rxb3 41. Nb2 Rc3+ 42. Kb1 a6 43. Nxc4 Rxc4 44. Rxa6 Rxc5 45.
Kb2 Kg7 46. Ra3 Rc4 47. Rg3+ Kf8 48. Rh3 Rf4 49. f3 Kg7 50. Kc2 Rf5 51. Rh4 Re5
52. Kd3 c5 53. Ra4 1/2-1/2

[Event "Naturns - Bruneck"]
[Site "?"]
[Date "2017.01.14"]
[Round "5.1"]
[White "Luciani, Valerio"]
[Black "La Manna, Andrea"]
[Result "1/2-1/2"]
[WhiteElo "2178"]
[BlackElo "2157"]
[PlyCount "86"]
[EventDate "2017.01.28"]

1. d4 d5 2. c4 dxc4 3. e4 c5 4. d5 Nf6 5. Nc3 b5 6. e5 b4 7. exf6 bxc3 8. bxc3
Nd7 9. Qa4 exf6 10. Bf4 Qb6 11. Bxc4 Bd6 12. Be3 O-O 13. Nf3 Qc7 14. Be2 Nb6
15. Qd1 c4 16. O-O Bb7 17. Bxb6 axb6 18. a4 Rfd8 19. Kh1 Be5 20. Nxe5 fxe5 21.
Qd2 Rxd5 22. Qe3 f6 23. Rab1 Rc5 24. Rb4 Bd5 25. Rfb1 Rb8 26. Kg1 Be6 27. Qd2
Rd8 28. Qb2 Bf5 29. Ra1 Rd6 30. Rd1 Bd3 31. h4 Qd8 32. Qa2 Bxe2 33. Rxd6 Qxd6
34. Qxe2 Qd3 35. Qb2 Qd1+ 36. Kh2 Rc6 37. Rxb6 Rxb6 38. Qxb6 Qxa4 39. Qe6+ Kf8
40. Qd6+ Ke8 41. Qe6+ Kf8 42. Qd6+ Kf7 43. Qd5+ Kf8 1/2-1/2

[Event "Naturns - Bruneck"]
[Site "?"]
[Date "2017.01.14"]
[Round "5.3"]
[White "Peintner, Andreas"]
[Black "Unterthurner, Hans"]
[Result "1-0"]
[WhiteElo "1933"]
[BlackElo "1937"]
[PlyCount "39"]
[EventDate "2017.01.28"]

1. d4 Nf6 2. c4 g6 3. Nc3 d5 4. Bg5 Ne4 5. Bf4 Nxc3 6. bxc3 Bg7 7. Nf3 O-O 8.
e3 c5 9. cxd5 cxd4 10. cxd4 Qxd5 11. Be2 Nc6 12. O-O Bf5 13. Qa4 Rac8 14. Rac1
b6 15. Ba6 e5 16. Bxc8 Rxc8 17. dxe5 Nxe5 18. Rxc8+ Bxc8 19. Qe8+ Bf8 20. Nxe5
1-0

[Event "Naturns - Bruneck"]
[Site "?"]
[Date "2017.01.14"]
[Round "5.4"]
[White "Pichler, Christoph"]
[Black "Balzarini, Franco"]
[Result "0-1"]
[WhiteElo "1836"]
[BlackElo "1822"]
[PlyCount "60"]
[EventDate "2017.01.28"]

1. e4 c5 2. Nf3 Nc6 3. d4 cxd4 4. Nxd4 Qb6 5. Nb3 e6 6. Be3 Qc7 7. Nc3 a6 8.
Be2 Nf6 9. a3 Be7 10. f4 d6 11. O-O O-O 12. Bf3 Rb8 13. Qe2 b5 14. Rad1 Bb7 15.
Qf2 Ba8 16. Qg3 b4 17. axb4 Nxb4 18. Rd2 Rfd8 19. Rfd1 Nxc2 20. Rxc2 Rxb3 21.
Rcd2 Rb4 22. e5 Ne8 23. Bxa8 Rxa8 24. f5 Rd8 25. f6 Bf8 26. exd6 Qb7 27. Kh1
Nxf6 28. Bg5 Kh8 29. Rf1 Rg4 30. Qh3 Rxg5 0-1

[Event "Naturns - Bruneck"]
[Site "?"]
[Date "2017.01.14"]
[Round "5.5"]
[White "Niederkofler, Andreas"]
[Black "Naegele, Norbert"]
[Result "0-1"]
[WhiteElo "1780"]
[BlackElo "1856"]
[PlyCount "68"]
[EventDate "2017.01.28"]

1. Nf3 Nf6 2. c4 c5 3. g3 g6 4. b3 Bg7 5. Bb2 O-O 6. Bg2 Nc6 7. O-O d6 8. d3
Rb8 9. Re1 a6 10. Nbd2 b5 11. cxb5 axb5 12. Qc1 Qb6 13. Ng5 d5 14. e4 d4 15. e5
Ng4 16. e6 Nge5 17. exf7+ Kh8 18. Be4 Nxf7 19. Nxf7+ Rxf7 20. Nf3 Bf5 21. Ng5
Rff8 22. Bxf5 Rxf5 23. Ne6 Ne5 24. Nxg7 Kxg7 25. Re2 Nf3+ 26. Kg2 Qf6 27. Qc2
Rf8 28. Rf1 Rf7 29. Bc1 Rh5 30. Rh1 Qf5 31. h3 Ne5 32. Rd2 Qf3+ 33. Kg1 Rhf5
34. Qxc5 R7f6 0-1

[Event "Naturns - Bruneck"]
[Site "?"]
[Date "2017.01.14"]
[Round "5.6"]
[White "Gurschler, Gregor"]
[Black "Peintner, Markus"]
[Result "1/2-1/2"]
[WhiteElo "1831"]
[BlackElo "1431"]
[PlyCount "88"]
[EventDate "2017.01.28"]

1. e4 c5 2. Nc3 Nc6 3. g3 g6 4. Bg2 Bg7 5. f4 d6 6. d3 e6 7. Nf3 Nge7 8. Be3
O-O 9. O-O a6 10. Qe1 Nd4 11. Qf2 Nxf3+ 12. Bxf3 Nc6 13. Nd1 e5 14. f5 Nd4 15.
Bg4 f6 16. c3 Nc6 17. h4 Ne7 18. Bh3 Bd7 19. g4 Qc8 20. Qd2 d5 21. Rc1 Qc6 22.
Bg2 dxe4 23. Bxe4 Qc7 24. d4 exd4 25. Bf4 Qd8 26. cxd4 Bb5 27. Rf3 Qxd4+ 28.
Qxd4 cxd4 29. Bxb7 Ra7 30. Rc7 Rxb7 31. Rxb7 Bc6 32. Rfb3 Bxb7 33. Rxb7 Re8 34.
Bd6 Nd5 35. Bg3 gxf5 36. gxf5 Rd8 37. Kf1 Bh6 38. Rb3 d3 39. Ke1 Re8+ 40. Kf1
d2 41. Bf2 Re5 42. Rf3 Ne7 43. Be3 Nxf5 44. Bxh6 Nxh6 1/2-1/2

[Event "Richter/LASK - Gries"]
[Site "?"]
[Date "2017.01.14"]
[Round "5.1"]
[White "Spornberger, Maximilian"]
[Black "De Eccher, Stefano"]
[Result "1/2-1/2"]
[WhiteElo "2322"]
[BlackElo "2172"]
[PlyCount "116"]
[EventDate "2017.01.28"]

1. d4 d5 2. Bf4 Nf6 3. e3 Bf5 4. c4 c6 5. Qb3 Qb6 6. c5 Qxb3 7. axb3 Bxb1 8.
Rxb1 Nbd7 9. b4 a6 10. Ra1 Rc8 11. h3 g6 12. Nf3 Bg7 13. Nd2 Ne4 14. Nb3 e5 15.
Bh2 exd4 16. exd4 O-O 17. Bd3 Rfe8 18. O-O Re7 19. Rfd1 Nf8 20. Bf1 f5 21. f3
Ng5 22. Bd6 Rd7 23. Re1 Nge6 24. Rad1 Kf7 25. Kf2 Bf6 26. Ke3 Bg5+ 27. Kd3 Re8
28. Kc3 Bf4 29. Bxf4 Nxf4 30. Rxe8 Kxe8 31. Re1+ Kd8 32. Na5 Rg7 33. Ra1 Kc7
34. Re1 Kd8 35. Kd2 N4e6 36. Nb3 Nf4 37. Re3 N4e6 38. Re5 Ke7 39. Na5 Kd8 40.
Kc3 Kc7 41. g3 Ng5 42. Re8 Nd7 43. Bg2 Nf6 44. Ra8 Nh5 45. g4 fxg4 46. hxg4 Nf4
47. Bf1 Rf7 48. Bxa6 bxa6 49. Rxa6 Nfe6 50. Rxc6+ Kb8 51. Rb6+ Kc8 52. Nc6
Rxf3+ 53. Kc2 Rf4 54. Kd3 Rf3+ 55. Kc2 Rf4 56. Kd3 Rf3+ 57. Kc2 Rf4 58. Kd3
Rf3+ 1/2-1/2

[Event "Richter/LASK - Gries"]
[Site "?"]
[Date "2017.01.14"]
[Round "5.2"]
[White "Moncher, Stefano"]
[Black "Spornberger, Andre"]
[Result "1/2-1/2"]
[WhiteElo "2171"]
[BlackElo "2187"]
[PlyCount "113"]
[EventDate "2017.01.28"]

1. e4 e6 2. d4 d5 3. Nc3 Bb4 4. a3 Bxc3+ 5. bxc3 dxe4 6. Qg4 Nf6 7. Qxg7 Rg8 8.
Qh6 Rg6 9. Qe3 b6 10. Ne2 Bb7 11. Ng3 Qd5 12. c4 Qa5+ 13. Bd2 Qa4 14. Qc3 c5
15. dxc5 bxc5 16. Rb1 Qc6 17. Be3 Nbd7 18. Be2 Ke7 19. Kd2 Ng4 20. Bxg4 Rxg4
21. Kc1 Ba6 22. Rd1 f6 23. h3 Rgg8 24. Bf4 e5 25. Nf5+ Ke8 26. Bh6 Rxg2 27. Rd6
Qa4 28. Rxf6 Kd8 29. Rd6 Rg1+ 30. Rd1 Rxd1+ 31. Kxd1 Kc7 32. Bg7 Re8 33. Ne3
Kc8 34. Ke2 Re7 35. Rg1 Nb6 36. Bf8 Re8 37. Bxc5 Nxc4 38. Bxa7 Qxa3 39. Qxa3
Nxa3+ 40. Ke1 Nb5 41. Rg7 Bb7 42. Bb6 Re6 43. Ba5 Rh6 44. Ng4 Rxh3 45. Nxe5 Ba6
46. c4 e3 47. Nc6 Rh1+ 48. Ke2 Rc1 49. Kxe3 Rxc4 50. Ne7+ Kd7 51. Rxh7 Ke6 52.
Rh6+ Kxe7 53. Rxa6 Nd6 54. Rb6 Nf5+ 55. Kd3 Rd4+ 56. Ke2 Rc4 57. Bd2 1/2-1/2

[Event "Richter/LASK - Gries"]
[Site "?"]
[Date "2017.01.14"]
[Round "5.3"]
[White "Benaglia, Giovanni"]
[Black "Voltolini, Giuseppe"]
[Result "1/2-1/2"]
[WhiteElo "1962"]
[BlackElo "2182"]
[PlyCount "112"]
[EventDate "2017.01.28"]

1. e4 c5 2. a3 Nc6 3. b4 cxb4 4. axb4 Nxb4 5. d4 d5 6. c3 Nc6 7. exd5 Qxd5 8.
Na3 Bf5 9. Nc4 Qe4+ 10. Ne3 e6 11. f3 Qh4+ 12. g3 Qf6 13. Nxf5 Qxf5 14. Bd3 Qd5
15. Be4 Qd7 16. Ne2 Nf6 17. O-O Be7 18. Bd3 O-O 19. f4 Rac8 20. Bd2 g6 21. f5
exf5 22. Nf4 Nd5 23. Qb3 Nxf4 24. Bxf4 Rfd8 25. Bc4 Bf6 26. d5 Ne5 27. Bxe5
Bxe5 28. Rxa7 Qc7 29. Ra4 Bxc3 30. Rb1 Bd4+ 31. Kg2 Qe5 32. Rd1 Rc7 33. Qd3 Bc5
34. Ra2 Re7 35. Re2 Qxe2+ 36. Qxe2 Rxe2+ 37. Bxe2 Kf8 38. Bf3 Ke7 39. Rb1 Rd7
40. Rxb7 Rxb7 41. d6+ Kxd6 42. Bxb7 Ke5 43. Kf3 g5 44. h3 h5 45. g4 fxg4+ 46.
hxg4 f5 47. gxh5 g4+ 48. Kg3 Kf6 49. Bc8 Bf8 50. Ba6 Kg5 51. Bb7 f4+ 52. Kg2
Kxh5 53. Bd5 Kg5 54. Bc6 Kf6 55. Bd7 f3+ 56. Kg3 f2 1/2-1/2

[Event "Richter/LASK - Gries"]
[Site "?"]
[Date "2017.01.14"]
[Round "5.4"]
[White "Pangrazzi, Marco"]
[Black "Zammarchi, Massimo"]
[Result "1-0"]
[WhiteElo "2241"]
[BlackElo "1949"]
[PlyCount "57"]
[EventDate "2017.01.28"]

1. e4 e5 2. f4 exf4 3. Bc4 Nf6 4. Nc3 c6 5. Qf3 d5 6. exd5 Bd6 7. h3 Nxd5 8.
Nxd5 cxd5 9. Bxd5 O-O 10. Ne2 Qh4+ 11. Qf2 Qg5 12. Bb3 Nc6 13. d4 Re8 14. O-O
Rxe2 15. Qxe2 Bxh3 16. c3 Na5 17. Bc2 Bd7 18. Qf3 Bc6 19. Be4 Bxe4 20. Qxe4 Qh4
21. Rf3 h6 22. Qf5 g5 23. Bxf4 gxf4 24. Qxa5 Re8 25. Raf1 Re2 26. Qf5 Rxb2 27.
R3f2 f3 28. Qh3 Qxh3 29. gxh3 1-0

[Event "Richter/LASK - Gries"]
[Site "?"]
[Date "2017.01.14"]
[Round "5.5"]
[White "Niederstaetter, Harald"]
[Black "Billio, Atto"]
[Result "0-1"]
[WhiteElo "1976"]
[BlackElo "2010"]
[PlyCount "56"]
[EventDate "2017.01.28"]

1. d4 f5 2. Nc3 Nf6 3. Bg5 d5 4. Bxf6 exf6 5. e3 Be6 6. Bd3 Nc6 7. a3 Qd7 8.
Nge2 O-O-O 9. b4 g5 10. g3 h5 11. h4 Bd6 12. f4 gxf4 13. exf4 Rde8 14. Qd2 Rhg8
15. Nd1 Nd8 16. Qe3 Nf7 17. Qf3 Nh6 18. Ne3 Ng4 19. O-O-O Nxe3 20. Qxe3 a5 21.
c3 Qa4 22. Kb2 Bd7 23. Qf3 Bb5 24. Rhe1 Bxd3 25. Qxd3 Re4 26. Nc1 axb4 27. axb4
Bxb4 28. Nb3 Qa3+ 0-1

[Event "Richter/LASK - Gries"]
[Site "?"]
[Date "2017.01.14"]
[Round "5.6"]
[White "Rigo, Gianfranco"]
[Black "Paulmichl, Martin"]
[Result "1-0"]
[WhiteElo "1874"]
[BlackElo "1889"]
[PlyCount "59"]
[EventDate "2017.01.28"]

1. e4 e6 2. d4 d5 3. Nc3 dxe4 4. Nxe4 Nd7 5. Nf3 Ngf6 6. Bd3 c5 7. Bg5 cxd4 8.
Qe2 Bb4+ 9. Kf1 Qb6 10. h4 h6 11. Bf4 Nxe4 12. Bxe4 Nf6 13. Bd3 Bd7 14. Be5 Bc5
15. Rb1 Bc6 16. Rh3 O-O-O 17. Nd2 Bd5 18. c4 dxc3 19. bxc3 Qc6 20. Nf3 Be4 21.
Ne1 Bxd3 22. Nxd3 Bb6 23. Bd4 Bxd4 24. cxd4 Rxd4 25. Ne5 Qe4 26. Qb5 Rhd8 27.
Rc3+ Kb8 28. Nc6+ Kc7 29. Qxb7+ Kd6 30. Qe7+ 1-0

[Event "Lana - Wipptal"]
[Site "?"]
[Date "2017.01.14"]
[Round "5.4"]
[White "Kofler, Albin Ernst"]
[Black "Perfler, Manfred"]
[Result "1-0"]
[WhiteElo "1480"]
[BlackElo "1385"]
[PlyCount "43"]
[EventDate "2017.01.14"]

1. e4 e5 2. Nf3 Nc6 3. Bc4 Nf6 4. d3 Bc5 5. O-O O-O 6. a3 d5 7. exd5 Nxd5 8.
Re1 Bg4 9. Nbd2 Re8 10. c3 Nf6 11. b4 Bd6 12. Qe2 Bf5 13. Ne4 h6 14. Bb2 Ne7
15. Nxf6+ gxf6 16. Nh4 Bh7 17. Qh5 Rf8 18. Bc1 Kh8 19. Bxh6 Ng6 20. Nxg6+ Bxg6
21. Qh4 f5 22. Bg5+ 1-0

[Event "Arci2 - Steinegg "]
[Site "?"]
[Date "2017.01.14"]
[Round "5.5"]
[White "Lantschner, Carmen"]
[Black "Paltrinieri, Mario"]
[Result "1-0"]
[WhiteElo "1630"]
[BlackElo "1408"]
[PlyCount "129"]
[EventDate "2017.01.28"]

1. e4 e6 2. d4 d5 3. exd5 exd5 4. Bf4 Nf6 5. Bd3 Nc6 6. Nf3 Bg4 7. c3 Be7 8.
Nbd2 O-O 9. O-O Nh5 10. Be3 Bd6 11. Bxh7+ Kxh7 12. Ng5+ Qxg5 13. Bxg5 Bxd1 14.
Raxd1 f6 15. Bh4 g5 16. Bg3 Nxg3 17. fxg3 Kg7 18. g4 Ne7 19. Nf3 Ng6 20. g3
Rae8 21. Rd2 Re4 22. b3 c6 23. c4 Rfe8 24. c5 Bc7 25. Rdf2 Re2 26. Nd2 Rxf2 27.
Kxf2 Ba5 28. Nf3 Re4 29. h3 Nf8 30. a3 Bc3 31. Rc1 Bxd4+ 32. Nxd4 Rxd4 33. Ke3
Ne6 34. b4 Re4+ 35. Kd3 Nd4 36. Rb1 Ne2 37. b5 Re7 38. bxc6 bxc6 39. a4 Nxg3
40. Rb8 Ne4 41. Kd4 Rc7 42. a5 Nf2 43. Rb3 Kf7 44. a6 Ke7 45. Rf3 Ne4 46. Rb3
Ke6 47. Rb7 Kd7 48. Rb8 Nd2 49. Kd3 Nc4 50. Rh8 Ke6 51. Re8+ Re7 52. Rf8 Na5
53. Kc3 Ke5 54. Kb4 Nb7 55. Rc8 Nxc5 56. Kxc5 Rd7 57. Re8+ Kf4 58. Rf8 Kg3 59.
Kxc6 Rh7 60. Kxd5 Kxh3 61. Rxf6 Kxg4 62. Kc6 Kh4 63. Rf1 g4 64. Rh1+ Kg5 65.
Rxh7 1-0

[Event "Richter/LASK - Klausen"]
[Site "?"]
[Date "2017.01.14"]
[Round "5.1"]
[White "Schacher, Gerd"]
[Black "Battiston, Claudio"]
[Result "1-0"]
[WhiteElo "2297"]
[BlackElo "1821"]
[PlyCount "81"]
[EventDate "2017.01.14"]

1. Nf3 Nf6 2. c4 e6 3. g3 d5 4. Bg2 Be7 5. O-O O-O 6. b3 b6 7. Bb2 Bb7 8. e3
Nbd7 9. Nc3 Ne4 10. Qe2 Bf6 11. Rfd1 Ndc5 12. d4 Nxc3 13. Bxc3 Ne4 14. Bb2 Qe7
15. Rac1 dxc4 16. Nd2 c3 17. Nxe4 cxb2 18. Nxf6+ Qxf6 19. Rxc7 Bxg2 20. Kxg2
Rfc8 21. Rxc8+ Rxc8 22. Qxb2 Qf5 23. Rc1 Qd5+ 24. f3 Rxc1 25. Qxc1 g6 26. g4
Qb5 27. Qd2 h5 28. h3 hxg4 29. hxg4 a5 30. e4 f5 31. d5 fxg4 32. fxg4 Qd7 33.
d6 Kg7 34. Kg3 Kh7 35. a4 b5 36. Qd4 bxa4 37. bxa4 Kg8 38. e5 Kh7 39. Qc4 Kh6
40. g5+ Kxg5 41. Qh4+ 1-0

[Event "Gries - Arci"]
[Site "?"]
[Date "2017.01.28"]
[Round "6.4"]
[White "Fongarolli, Diego"]
[Black "D'Ambrosio, Luca"]
[Result "1-0"]
[WhiteElo "1926"]
[BlackElo "1731"]
[PlyCount "59"]
[EventDate "2017.01.28"]

1. e4 Nf6 2. e5 Nd5 3. d4 d6 4. c4 Nb6 5. f4 dxe5 6. fxe5 Nc6 7. Be3 Bf5 8. Nc3
e6 9. Nf3 Be7 10. d5 exd5 11. cxd5 Nb4 12. Nd4 Bg6 13. Bb5+ Kf8 14. O-O Kg8 15.
Nf5 Bxf5 16. Rxf5 N4xd5 17. Bxb6 Nxb6 18. Qb3 Bc5+ 19. Kh1 Qe7 20. e6 Bd6 21.
exf7+ Kf8 22. Rf3 c6 23. Bd3 g6 24. Ne4 Be5 25. Rc1 Nd5 26. Re1 Bf6 27. Bc4 Rd8
28. Rxf6 Nxf6 29. Qc3 Kg7 30. Ng5 1-0

[Event "Gries - Arci"]
[Site "?"]
[Date "2017.01.28"]
[Round "6.1"]
[White "Olivetti, Davide"]
[Black "Spornberger, Maximilian"]
[Result "1/2-1/2"]
[WhiteElo "2095"]
[BlackElo "2322"]
[PlyCount "32"]
[EventDate "2017.01.28"]

1. e4 e6 2. d4 d5 3. Nd2 Be7 4. e5 c5 5. Qg4 Kf8 6. Ndf3 Nc6 7. Bd3 h5 8. Qf4
g5 9. Nxg5 Bxg5 10. Qxg5 Qxg5 11. Bxg5 c4 12. Be2 Nxd4 13. O-O-O Nxe2+ 14. Nxe2
f6 15. Bf4 Kf7 16. h4 Ne7 1/2-1/2

[Event "Gries - Arci"]
[Site "?"]
[Date "2017.01.28"]
[Round "6.6"]
[White "Spornberger, Peter"]
[Black "Cecchetto, Michele"]
[Result "1-0"]
[WhiteElo "1534"]
[BlackElo "1678"]
[PlyCount "70"]
[EventDate "2017.01.28"]

1. e4 c6 2. d4 d5 3. exd5 cxd5 4. c4 dxc4 5. Bxc4 Nf6 6. Nc3 Bg4 7. Nf3 e6 8.
O-O Be7 9. Re1 O-O 10. d5 exd5 11. Nxd5 Nxd5 12. Qxd5 Bxf3 13. Qxf3 Nc6 14. Rd1
Qc7 15. Bf4 Qb6 16. Be3 Bc5 17. Bxc5 Qxc5 18. Rac1 Qe7 19. Re1 Qg5 20. Qe4 Rac8
21. Bd5 Qf6 22. Rc2 Rc7 23. Rec1 Re7 24. Qf3 Qxf3 25. Bxf3 Nd4 26. Rd2 Nxf3+
27. gxf3 Rfe8 28. Rcd1 f6 29. Kf1 Kf7 30. Rd7 Rxd7 31. Rxd7+ Re7 32. Rd4 g5 33.
h4 h6 34. hxg5 fxg5 35. a4 Re3 1-0

[Event "Gries - Arci"]
[Site "?"]
[Date "2017.01.28"]
[Round "6.5"]
[White "Rinaldo, Gaetano"]
[Black "Paulmichl, Martin"]
[Result "0-1"]
[WhiteElo "1668"]
[BlackElo "1889"]
[PlyCount "59"]
[EventDate "2017.01.28"]

1. g3 f5 2. Nf3 Nf6 3. d3 d6 4. Bg2 e5 5. Bg5 Be7 6. O-O O-O 7. c4 c6 8. Nc3
Nbd7 9. b4 Qe8 10. b5 Qh5 11. bxc6 bxc6 12. Rb1 h6 13. Bxf6 Nxf6 14. e3 f4 15.
exf4 exf4 16. Nd4 Ng4 17. h3 fxg3 18. fxg3 Qc5 19. Rxf8+ Kxf8 20. Qf3+ Bf6 21.
hxg4 Qxd4+ 22. Kh2 Bxg4 23. Qxc6 Re8 24. Ne4 Re5 25. Qxd6+ Qxd6 26. Nxd6 Re2
27. Kh1 Rxa2 28. c5 Bd4 29. c6 Rc2 30. Nc4 0-1